000 00308nam a22001337a 4500
008 170627b xxu||||| |||| 00| 0 eng d
020 _a9781457661686
041 _aeng
080 _23 ED
_a811
100 _a21
101 _aGJL
245 _aINQUIRY TO ACADEMIC WRITING
_cGREENE.S
942 _2udc
_cBK
999 _c19217
_d19217